| 000 | 00674nab a2200205 a 4500 | ||
|---|---|---|---|
| 005 | 20210219155450.0 | ||
| 008 | 991125s1985 mx 000 0 spa u | ||
| 035 | _aUPN01000145641 | ||
| 100 | 1 | _aBenso Calvo, Carmen, 1950- | |
| 222 | _aREVISTA DE CIENCIAS DE LA EDUCACION | ||
| 245 | _aLa transmisión del código social en el espacio escolar : origen y evolución de la disciplina de la urbanidad en el currículum de la escuela primaria española | ||
| 260 | _aMadrid, España | ||
| 300 | _a601-624 | ||
| 362 | 0 | _a2005 No. 204, oct.-dic. | |
| 653 | 0 | _aURBANIDAD ESCOLAR | |
| 653 | 0 | _aCURRICULUM | |
| 653 | 0 | _aFAMILIA | |
| 653 | 0 | _aIGLESIA | |
| 905 | _aArticulo | ||
| 999 |
_c117787 _d117787 |
||